Hongos de Chile: atlas micológico

Na minha lista:
Detalhes bibliográficos
Autor principal: Lazo Araya, Waldo
Formato: Livro
Idioma:espanhol
Publicado em: Santiago Universidad de Chile 2001
Assuntos:
Tags: Adicionar Tag
Sem tags, seja o primeiro a adicionar uma tag!

MARC

LEADER 00000nam a2200000 a 4500
001 UCM5094
003 CL-VaPUC
005 20241217163018.0
008 020927e20010000CL |||||||||||||||||spa|d
999 |c 301384  |d 301382 
020 |a 9561903377 
040 |c Pontificia Universidad Católica de Valparaíso 
082 0 4 |a 561.92 LAZ 2001  |2 21 
100 |a Lazo Araya, Waldo  |9 561601 
245 1 0 |a Hongos de Chile: atlas micológico 
260 |a Santiago  |b Universidad de Chile  |c 2001 
300 |a 231 páginas 
583 |a last modification  |c 20020927 00:00:00  |k Rodrigo Vera 
650 7 |a HONGOS CHILENOS  |2 CL-VaPUC  |9 471431 
650 7 |a HONGOS SILVESTRES  |2 CL-VaPUC  |9 471432 
650 0 |a Hongos comestibles  |9 264476 
942 |c BK  |2 ddc 
945 |d 20020927 00:00:00  |a cmena 
952 |0 0  |1 0  |2 ddc  |4 0  |6 561_920000000000000_LAZ_2001  |7 0  |8 A  |9 360264  |a BIBCUR  |b BIBCUR  |d 2019-11-21  |i 3910385  |l 1  |o 561.92 LAZ 2001  |p 3910385  |r 2025-05-08  |s 2025-05-08  |t 1  |w 2019-11-21  |y BK  |k BAC 
952 |0 0  |1 0  |2 ddc  |4 0  |6 561_920000000000000_LAZ_2001  |7 0  |8 A  |9 360265  |a BIBCUR  |b BIBCUR  |d 2019-11-21  |i 3842126  |l 2  |o 561.92 LAZ 2001  |p 3842126  |r 2025-04-22  |s 2023-12-12  |t 2  |w 2019-11-21  |y BK  |k BIO 
952 |0 0  |1 0  |2 ddc  |4 0  |6 561_920000000000000_LAZ_2001  |7 0  |8 A  |9 360266  |a BIBCUR  |b BIBCUR  |d 2019-11-21  |i 4036964  |l 3  |o 561.92 LAZ 2001  |p 4036964  |r 2025-05-08  |s 2025-05-08  |t 3  |w 2019-11-21  |y BK  |k BIO 
952 |0 0  |1 0  |2 ddc  |4 0  |6 561_920000000000000_LAZ_2001  |7 0  |8 A  |9 360267  |a BIBAGR  |b BIBAGR  |d 2019-11-21  |i 4275373  |o 561.92 LAZ 2001  |p 4275373  |r 2025-01-20  |t 4  |w 2019-11-21  |y BK  |k AGR